000 01257nam a2200229Ia 4500
001 L235-8193P
003 IT-CnALBA
008 170116s9999||||xx |||||||||||||| ||und||
040 _aIT-CnALBA
_cIT-CnALBA
041 _aITALIANO
100 _aBAIOLI BRUNO
245 0 _aCHIARA E FRANCESCO NELLA GIOIA DELLA VITA SEMPLICE. LETTURA STORICA E SPIRITUALE DI ASSISI.
250 _a1a ed.
260 _a ASSISI
_bCITTADELLA EDITRICE
_c1992 [1° Ed.:1992 - Ed.Ling.Originale: 1992]
300 _a232 p.
500 _aIL RIFIUTO DI ASSISI. ITINERARIO ALL'EREMO DELLE CARCERI. A S. CHIARA. A S. DAMIANO. A RIVO TORTO. BASILICA DI S. FRANCESCO. S. MARIA DEGLI ANGELI. FRANCESCO APOSTOLO. KERIGMA E POVERTÀ DI FRANCESCO E DI CHIARA. SEGNI E GESTI PROFETICI. FRANCESCO CHIARA E
501 _aSocietà San Paolo EM - Piazza San Paolo, 14 - 12051 ALBA (CN) (non commercial uses only) ® Copyright 2017
520 _aIL RIFIUTO DI ASSISI. ITINERARIO ALL'EREMO DELLE CARCERI. A S. CHIARA. A S. DAMIANO. A RIVO TORTO. BASILICA DI S. FRANCESCO. S. MARIA DEGLI ANGELI. FRANCESCO APOSTOLO. KERIGMA E POVERTÀ DI FRANCESCO E DI CHIARA. SEGNI E GESTI PROFETICI. FRANCESCO CHIARA E
650 _aMARIA SS. ANGELI SANTI DEMONI
942 _cBK
957 _71
999 _a43767
_bNO
_g Copie: 1
_c297799
_d297799